[Event "Dvorkovich Memorial op 4th"]
[Site "Taganrog"]
[Date "2009.08.07"]
[Round "6"]
[White "Prokopenko, Alexey"]
[Black "Osipov, Adam V"]
[Result "1/2-1/2"]
[WhiteElo "2219"]
[BlackElo "2043"]
[PlyCount "167"]
[EventDate "2009.08.02"]
[EventType "swiss"]
[EventRounds "9"]
[EventCountry "RUS"]
[SourceTitle "EXT 2022"]
[Source "ChessBase"]
[SourceDate "2021.10.06"]
[SourceVersion "1"]
[SourceVersionDate "2021.10.06"]
[SourceQuality "1"]

1. Nf3 d6 2. d4 g6 3. Bf4 Bg7 4. e3 Nf6 5. h3 0-0 6. Bc4 e6 7. 0-0 Nbd7 8. c3 Qe7 9. Nbd2 e5 10. dxe5 dxe5 11. Bh2 Ne8 12. e4 Nd6 13. Bb3 Nc5 14. Bc2 b6 15. b4 Nd7 16. Re1 Bb7 17. Ba4 Rfd8 18. Qe2 a5 19. a3 Nf8 20. Bb3 Kh8 21. Bg3 f6 22. Red1 Ra7 23. b5 Nd7 24. Bd5 Nc5 25. c4 Raa8 26. h4 Bxd5 27. cxd5 Qd7 28. Rab1 a4 29. Rb4 Qg4 30. Nd4 Qxe2 31. Nxe2 Bh6 32. Nc3 Kg8 33. Kf1 Kf7 34. Ke2 Re8 35. f3 f5 36. Bf2 Ndb7 37. Nc4 Bf8 38. Rb2 h5 39. g4 fxe4 40. fxe4 hxg4 41. Rg1 Nd6 42. Nxd6+ Bxd6 43. Rxg4 Nb3 44. Nb1 Ra5 45. Rc2 Rxb5 46. Nc3 Ra5 47. Nb1 Re7 48. Be3 b5 49. Kd3 b4 50. Rf2+ Ke8 51. Rxg6 bxa3 52. h5 Nc5+ 53. Bxc5 Bxc5 54. Rg8+ Kd7 55. Rff8 Rh7 56. Rd8+ Ke7 57. Rde8+ Kf7 58. Nc3 Rxh5 59. Ra8 Rxa8 60. Rxa8 Rh3+ 61. Kc4 Bd6 62. Rxa4 Ke7 63. Nb5 Re3 64. Nc3 Kd7 65. Ra6 Kc8 66. Ra5 Kb7 67. Ra4 Re1 68. Kd3 Rh1 69. Nb5 Rh3+ 70. Kc4 Re3 71. Nc3 Kb6 72. Ra8 Kb7 73. Ra4 Kb6 74. Ra8 Kb7 75. Ra4 Re1 76. Kd3 Rh1 77. Kc4 Rh8 78. Nb5 Ra8 79. Nxd6+ cxd6 80. Rxa8 Kxa8 81. Kb3 Ka7 82. Kxa3 Ka6 83. Ka4 Kb6 84. Kb4 1/2-1/2

[Event "Dvorkovich Memorial op 4th"]
[Site "Taganrog"]
[Date "2009.08.04"]
[Round "3"]
[White "Weetik, Vjacheslav"]
[Black "Prokopenko, Alexey"]
[Result "1-0"]
[WhiteElo "2441"]
[BlackElo "2219"]
[PlyCount "41"]
[EventDate "2009.08.02"]
[EventType "swiss"]
[EventRounds "9"]
[EventCountry "RUS"]
[SourceTitle "EXT 2022"]
[Source "ChessBase"]
[SourceDate "2021.10.06"]
[SourceVersion "1"]
[SourceVersionDate "2021.10.06"]
[SourceQuality "1"]

1. e4 e6 2. d4 d5 3. Nc3 b6 4. Nf3 dxe4 5. Nxe4 Bb7 6. Bb5+ Bc6 7. Bd3 Nf6 8. Nxf6+ gxf6 9. 0-0 Bg7 10. c4 Bb7 11. d5 0-0 12. Nh4 f5 13. Qh5 Nd7 14. Re1 Ne5 15. Rxe5 Bxe5 16. Nxf5 exf5 17. Bxf5 Re8 18. Qxh7+ Kf8 19. Bh6+ Ke7 20. Bg5+ Bf6 21. Qh6 1-0